Использование библиотеки TensorFlow для разработки модели прогнозирования; Молодежь и современные информационные технологии

Detalhes bibliográficos
Parent link:Молодежь и современные информационные технологии.— 2020.— [С. 148-149]
Autor principal: Власенко И. С.
Autor Corporativo: Национальный исследовательский Томский политехнический университет
Resumo:Заглавие с титульного экрана
Idioma:russo
Publicado em: 2020
Colecção:Компьютерное моделирование и интеллектуальный анализ данных
Assuntos:
Acesso em linha:http://earchive.tpu.ru/handle/11683/62200
Formato: Recurso Electrónico Capítulo de Livro
KOHA link:https://koha.lib.tpu.ru/cgi-bin/koha/opac-detail.pl?biblionumber=631155

MARC

LEADER 00000naa2a2200000 4500
001 631155
005 20231102024520.0
035 |a (RuTPU)RU\TPU\conf\32854 
035 |a RU\TPU\conf\32853 
090 |a 631155 
100 |a 20200629d2020 k y0rusy50 ca 
101 0 |a rus 
102 |a RU 
105 |a y z 101zy 
135 |a drcn ---uucaa 
181 0 |a i  
182 0 |a b 
200 1 |a Использование библиотеки TensorFlow для разработки модели прогнозирования  |f И. С. Власенко 
203 |a Текст  |c электронный 
225 1 |a Компьютерное моделирование и интеллектуальный анализ данных 
230 |a 1 компьютерный файл (pdf; 455 Кb) 
300 |a Заглавие с титульного экрана 
320 |a [Библиогр.: с. 149 (5 назв.)] 
463 0 |0 (RuTPU)RU\TPU\conf\32807  |t Молодежь и современные информационные технологии  |o сборник трудов XVII Международной научно-практической конференции студентов, аспирантов и молодых учёных, 17-20 февраля 2020 г., г. Томск  |f Национальный исследовательский Томский политехнический университет, Инженерная школа информационных технологий и робототехники ; под ред. Д. М. Сонькина [и др.]  |v [С. 148-149]  |d 2020 
610 1 |a электронный ресурс 
610 1 |a труды учёных ТПУ 
610 1 |a фреймворки 
610 1 |a прогнозирование 
610 1 |a машинное обучение 
610 1 |a нейронные сети 
610 1 |a графы 
610 1 |a математические операции 
610 1 |a графическое представление 
700 1 |a Власенко  |b И. С. 
712 0 2 |a Национальный исследовательский Томский политехнический университет  |c (2009- )  |2 stltpush  |3 (RuTPU)RU\TPU\col\15902  |9 26305 
801 2 |a RU  |b 63413507  |c 20200707  |g RCR 
856 4 |u http://earchive.tpu.ru/handle/11683/62200 
942 |c BK